Els Processos de l'agenda 21 local en els municipis de Barcelona
ISBN:
84-7794-719-8
Descripción Física:
v. : il. col. ; 30 cm
Colección:
Manuals ; 10
MARC
| LEADER | 00000nam a2200000Ia 4500 | ||
|---|---|---|---|
| 001 | 12723, 14721, 12711, 15154, 15155 | ||
| 008 | 160829s2000 - xx 000 0 cat d | ||
| 020 | |a 84-7794-719-8 (o.c.), 84-7794-732-5 (v.1), 84-7794-877-1 (v.2), 84-7794-718-X (v.3), 84-7794-915-8 (v.4), 84.7794-914-X (v.5) | ||
| 080 | |a C-2-392, C-2-393, C-2-394, C-2-395, C-2-396 | ||
| 245 | |a Els Processos de l'agenda 21 local en els municipis de Barcelona | ||
| 260 | |a Barcelona : |b Diputació de Barcelona. Àrea de Medi Ambient, |c 2000 - | ||
| 300 | |a v. : |b il. col. ; |c 30 cm | ||
| 490 | |a Manuals ; 10 | ||
| 590 | |a Altres exemplars en castellà: C-1-23, C-2-354, C-2-185, C-2-399, C-2-448, i en anglès: C-2-183, C-2-184, C-2-398, C-2-431 | ||
| 650 | |a Auditoria ambiental |x Barcelona (Província) |9 50317 | ||
| 650 | 0 | |a Gestió ambiental |9 37534 | |
| 650 | 0 | |a Desenvolupament sostenible |9 23028 | |
| 651 | 0 | |a Barcelona (Catalunya : Província) |x Política ambiental |9 54004 | |
| 700 | 1 | |a Sureda, Vicenç, |d 1949-2022 |9 55316 | |
| 700 | |a Canals, Rosa Maria |9 38171 | ||
| 700 | |a Prat, Anna I |9 38172 | ||
| 700 | |a Martell, Meritxell |9 49800 | ||
| 710 | |a Barcelona (Catalunya : Província). |b Àrea de Medi Ambient |9 52987 | ||
| 866 | |a Vol 1: Metodologia per a l'elaboració d'auditories ambientals municipals. Vol. 2: La diagnosi ambiental : document bàsic de l'auditoria municipal ; Models de funcionament i qualitat ambiental als municipis. Vol. 3: La Diagnosi ambiental: document bàsic de l'auditoria municipal. Els Fluxos metabòlics als municipis. Vol. 4: Els Plans d'acció local. Vol. 5: La Participació i l'Agenda 21 Local. | ||
| 901 | |a Arxiu | ||
| 942 | |n 1 | ||
| 952 | |0 0 |1 0 |4 0 |6 C2392_C2393_C2394_C2395_C2396 |7 1 |9 48403 |a Arxiu |b Arxiu |d 2016-12-01 |l 0 |o C-2-392, C-2-393, C-2-394, C-2-395, C-2-396 |p 12723, 14721, 12711, |r 2016-12-01 00:00:00 |w 2016-12-01 |y ARXIU | ||
| 999 | |c 52231 |d 52231 | ||